00673nam a22002057a 450000500170000000800410001701700120005801800090007002000180007904000240009705000190012108200100014010000260015024501020017626000700027830000290034856300110037765000410038865000380042920250709083545.0250705b |||||||| |||| 00| 0 eng d aLD.4719 a2025 a9789787926277 aNLNbEnglisheAACR2 aBS680.S73bI24 a235.4 aIGWE, Patrick M.eaut aThe four horns :bwar against humanity, knowing the red enemies of your life /cPatrick Mbam Igwe aAbakaliki, Ebonyi State :bJehovah Shalom Christian Church,c2022 aiv, 32p. :bill. ; 20cm. a(pbk.) aSpiritual warfarevBiblical teaching aChristian lifevBiblical teaching